Responses for show #7410 - Friday, November 25, 2016

Contestants

Justin Bender, a technical engineer from Boulder, Colorado

Liz Hutchens, a registered nurse from Lake Wylie, South Carolina

Andrew Lee, an aspiring TV writer from West Hollywood, California (whose 2-day cash winnings total $40,002)

Jeopardy! Round responses

STATES' HIGHEST POINTS
SLANG FOR LIQUOR
THIRD IN THE MOVIE SERIES
MAKE NO MYTHTAKE
CEOs
FEEL THE BURN
    $200 30
Indiana

Liz
    $200 27
sauce

Andrew
    $200 25
Die Hard

Liz
    $200 24
King Arthur

Liz
    $200 29
Mattel

Andrew
    $200 1
the epidermis

Liz
    $400 9
Kansas

Justin
    $400 26
snort

Triple Stumper
    $400 4
Indiana Jones

Liz
    $400 23
a goat

Justin
    $400 28
the pharmaceutical industry

Justin
    $400 16
a stun gun

Justin
    $600 6
California

Justin
    $600 10
Hooch

Liz
    $600 2
Rocky

Andrew
    $600 13
a troll

Andrew
    $600 20
(Larry) Ellison

Andrew
    $600 17
scald

Justin
    $800 7
Oregon

Andrew
    $800 11
belt

Justin
    $800 3
The Godfather

Justin
    $800 14
Sisyphus

Liz
    $800 21
HBO

Justin
    $2,500 18
cauterizing

Justin
    $1000 8
Texas

Andrew
    $1000 12
juice

Justin
    $1000 5
Mission: Impossible

Andrew
    $1000 15
Agamemnon

Andrew
    $1000 22
Meg Whitman

Justin
    $1000 19
caustic

Justin

Scores at the first commercial break (after clue 15):

Andrew Liz Justin
$5,000 $2,000 $3,600

Scores at the end of the Jeopardy! Round:

Andrew Liz Justin
$6,000 $2,600 $10,700

Double Jeopardy! Round responses

A LOT FOR THE OFFICE DOOR
GAME 7 PITCHERS
THE MAP OF SCIENCE
FRUITY WORDS & PHRASES
GRAND THEFT "OO"
(Alex: Each correct response will consist of two words--one with a double O and other without the double O.)
FEEL THE ROBERT BURNS!
    $400 26
Prince Charles

Andrew
    $400 8
the Yankees

Justin
    $400 30
cloned

Liz
    $400 2
a cherry picker

Justin
    $400 17
taboo & TaB

Justin
    $400 12
"Auld Lang Syne"

Andrew
    $800 25
Gaddafi

Justin
    $800 7
Bob Gibson

Justin
    $800 9
Switzerland

Andrew
    $800 1
the limelight

Triple Stumper
    $800 18
(Liz: What is afoot and afloat?)

afoot & aft

LizJustin
    $800 13
(Liz: What is fig pudding?)
(Andrew: What is blood pudding?)

the haggis

AndrewLiz
Triple Stumper
    $1200 27
Romania

Andrew
    $1200 3
Koufax

Andrew
    $1200 10
the Netherlands

Liz
    $1200 4
the Orange Bowl

Justin
    $1200 19
aloof & ALF

Justin
    $1200 22
Glasgow

Andrew
    $1600 28
Haile Selassie

Triple Stumper
    $1600 5
the (Kansas City) Royals

Justin
    $1600 14
Berkeley

Andrew
    $1600 11
a banana boat

Liz
    $1600 20
oozed & zed

Andrew
    $4,000 23
(Andrew: What's The Grapes of Wrath?)
...
(Alex: "The best-laid plans o' mice and men gang aft agley.")

Of Mice and Men

Andrew
    $3,000 29
(Alex: Give me a name.)
(Andrew: What's... Henry III?)

Philip

Andrew
    $2000 6
the Red Sox & the Mets

Justin
    $2000 15
(Justin: What are leukocytes?)

phagocytes

LizJustin
    $2000 16
grapeshot

Justin
    $2000 21
canoodle & candle

Triple Stumper
    $2000 24
John Barleycorn

Triple Stumper

Scores at the end of the Double Jeopardy! Round:

Andrew Liz Justin
$6,600 $6,200 $20,300
(lock game)

[wagering suggestions for these scores]

Final Jeopardy! Round responses

ENTERTAINERS
(Alex: What's the one word I stressed when I started the program today? "Welcome." Welcome.)
...
(Alex: [To Andrew] Whose first words in Cabaret were "Welcome"--"Willkommen, bienvenue, welcome.")
LizWho is Jack Lemmon?
$6,200
AndrewWho is Joel Grey
$5,801
JustinWho is Marlon Brando?
$700
Joel Grey

Final scores:

Andrew Liz Justin
$12,401 $0 $19,600
2nd place: $2,000 3rd place: $1,000 New champion: $19,600

Game dynamics:

Coryat scores:

Andrew Liz Justin
$13,600 $6,200 $18,600
17 R,
3 W
(including 2 DDs)
11 R,
2 W
24 R
(including 1 DD),
1 W

Combined Coryat: $38,400

The J! Archive is created by fans, for fans. The Jeopardy! game show and all elements thereof, including but not limited to copyright and trademark thereto, are the property of Jeopardy Productions, Inc. and are protected under law. This website is not affiliated with, sponsored by, or operated by Jeopardy Productions, Inc. Join the discussion at JBoard.tv.